Improving housing markets (Record no. 102397)

MARC details
000 -LEADER
fixed length control field 01271cam a2200277 4500
008 - FIXED-LENGTH DATA ELEMENTS--GENERAL INFORMATION
fixed length control field 020816n2003 000 0 eng u
020 ## - INTERNATIONAL STANDARD BOOK NUMBER
International Standard Book Number 1842191144
022 ## - INTERNATIONAL STANDARD SERIAL NUMBER
International Standard Serial Number 1478-4971
035 ## - SYSTEM CONTROL NUMBER
System control number (Sirsi) u119793
041 ## - LANGUAGE CODE
Language code of text/sound track or separate title eng.
050 ## - LIBRARY OF CONGRESS CALL NUMBER
Classification number 306.1
-- 18
100 ## - MAIN ENTRY--PERSONAL NAME
Personal name Ball, Michael
245 ## - TITLE STATEMENT
Title Improving housing markets
260 ## - PUBLICATION, DISTRIBUTION, ETC.
Place of publication, distribution, etc. London
Name of publisher, distributor, etc. RICS
Date of publication, distribution, etc. 2003
490 ## - SERIES STATEMENT
Series statement RICS Leading Edge Series
520 ## - SUMMARY, ETC.
Summary, etc. Considers the problems of housing supply worldwide. Argues the case for market processes as the best way to deal with housing problems, and against government intervention. The latter has been the hallmark of housing policy around the world for much of the post-1945 period. The report is freely available to download from the RICS website.
650 ## - SUBJECT ADDED ENTRY--TOPICAL TERM
Topical term or geographic name entry element HOUSING SUPPLY
650 ## - SUBJECT ADDED ENTRY--TOPICAL TERM
Topical term or geographic name entry element HOUSING SHORTAGE
650 ## - SUBJECT ADDED ENTRY--TOPICAL TERM
Topical term or geographic name entry element HOUSING POLICY
650 ## - SUBJECT ADDED ENTRY--TOPICAL TERM
Topical term or geographic name entry element INTERNATIONAL
690 ## - LOCAL SUBJECT ADDED ENTRY--TOPICAL TERM (OCLC, RLIN)
Topical term or geographic name as entry element PROPERTY-RESIDENTIAL PROPERTY-RESIDENTIAL PROPERTY MARKET
710 ## - ADDED ENTRY--CORPORATE NAME
Corporate name or jurisdiction name as entry element Royal Institution of Chartered Surveyors
Subordinate unit Policy Unit
9 (RLIN) 4169
710 ## - ADDED ENTRY--CORPORATE NAME
Corporate name or jurisdiction name as entry element Royal Institution of Chartered Surveyors
Subordinate unit Residential Property Faculty
9 (RLIN) 4304
856 ## - ELECTRONIC LOCATION AND ACCESS
Uniform Resource Identifier <a href="https://www.rics.org/site/scripts/download_info.aspx?downloadID=3181">https://www.rics.org/site/scripts/download_info.aspx?downloadID=3181</a>
Public note View the report (pdf 334kb) on the RICS website...
942 ## - ADDED ENTRY ELEMENTS (KOHA)
Suppress in OPAC 0
Holdings
Withdrawn status Lost status Source of classification or shelving scheme Damaged status Not for loan Home library Current library Shelving location Date acquired Total Checkouts Full call number Barcode Date last seen Copy number Price effective from Koha item type
    Dewey Decimal Classification     London London RICS Boxes 30/05/2003   RICS 2003/22 30067240 06/08/2019 1 06/08/2019 Archive
    Dewey Decimal Classification     London London RICS Boxes 30/05/2003   RICS 2003/22 30067241 06/08/2019 2 06/08/2019 Reference material
    Dewey Decimal Classification     London London RICS Boxes 14/05/2014   RICS 2003/22 30067243 06/08/2019 3 06/08/2019 Book
    Dewey Decimal Classification     Virtual Virtual Online 28/05/2003   ONLINE PUBLICATION 119793-3001 06/08/2019 1 06/08/2019 Book